<?xml version="1.0" encoding="UTF-8"?>
<record
    xmlns:xsi="http://www.w3.org/2001/XMLSchema-instance"
    xsi:schemaLocation="http://www.loc.gov/MARC21/slim http://www.loc.gov/standards/marcxml/schema/MARC21slim.xsd"
    xmlns="http://www.loc.gov/MARC21/slim">

  <leader>01717    a2200217   4500</leader>
  <controlfield tag="001">47157</controlfield>
  <controlfield tag="005">20260407155740.0</controlfield>
  <controlfield tag="008">260407a1981    arg                 spa d</controlfield>
  <controlfield tag="003">AR-UNSa-BCEJYS</controlfield>
  <datafield tag="040" ind1=" " ind2=" ">
    <subfield code="a">AR-UNSa-BCEJYS</subfield>
    <subfield code="b">spa</subfield>
    <subfield code="c">AR-UNSa-BCEJYS</subfield>
  </datafield>
  <datafield tag="080" ind1=" " ind2=" ">
    <subfield code="a">330.34</subfield>
    <subfield code="x">Desarrollo Econ&#xF3;mico</subfield>
  </datafield>
  <datafield tag="245" ind1="1" ind2="0">
    <subfield code="a">Teor&#xED;a de la distribuci&#xF3;n de la Renta</subfield>
  </datafield>
  <datafield tag="020" ind1=" " ind2=" ">
    <subfield code="a">84-309-0892-7</subfield>
  </datafield>
  <datafield tag="264" ind1=" " ind2="1">
    <subfield code="a">Madrid :</subfield>
    <subfield code="b">Tecnos</subfield>
    <subfield code="c">1981</subfield>
  </datafield>
  <datafield tag="300" ind1=" " ind2=" ">
    <subfield code="a">364 p.</subfield>
    <subfield code="c">23 cm.</subfield>
  </datafield>
  <datafield tag="505" ind1=" " ind2=" ">
    <subfield code="a">1. Introducci&#xF3;n - 2. El enfoque ricardiano de la distribuci&#xF3;n y el crecimiento - 3. La teor&#xED;a posricardiana: el problema del reparto total - 4. La teor&#xED;a posricardiana: generalizaci&#xF3;n de las categor&#xED;as distributivas cl&#xE1;sicas - 5. Los problemas que surgen en la aplicaci&#xF3;n de la teor&#xED;a de la productividad marginal - 6. El modelo unisectorial de distribuci&#xF3;n de la renta - 7. El modelo bisectorial de distribuci&#xF3;n de la renta - 8. El modelo bisectorial (continuaci&#xF3;n) - 9. Problem&#xE1;tica de la teor&#xED;a de la renta de la tierra - 10. Problem&#xE1;tica de la teor&#xED;a de los salarios - 11. Capital e inter&#xE9;s. El modelo de Wicksell - 12. Capital e inter&#xE9;s. El modelo de Fisher - 13. Problemas de la teor&#xED;a de la inversi&#xF3;n - 14. Modelos de crecimiento econ&#xF3;mico: El de Harrod y el neocl&#xE1;sico unisectorial - 15. El modelo bisectorial de crecimiento econ&#xF3;mico - 16. La distribuci&#xF3;n funcional de la renta - 17. Aspectos de la teor&#xED;a de la distribuci&#xF3;n de la renta - 18. La desigualdad en la distribuci&#xF3;n de la renta y el problema de la miseria. </subfield>
  </datafield>
  <datafield tag="942" ind1=" " ind2=" ">
    <subfield code="c">BK</subfield>
  </datafield>
  <datafield tag="590" ind1=" " ind2=" ">
    <subfield code="a">niveau_biblio:m niveau_hierar:0</subfield>
  </datafield>
  <datafield tag="100" ind1="1" ind2=" ">
    <subfield code="a">Johnson, Harry G.</subfield>
  </datafield>
  <datafield tag="856" ind1="4" ind2="1">
    <subfield code="u">https://www.biblioeco.unsa.edu.ar/pmb/images/libros/L127405.jpg</subfield>
    <subfield code="y">Imagen de portada</subfield>
    <subfield code="q">image/jpeg</subfield>
  </datafield>
  <datafield tag="999" ind1=" " ind2=" ">
    <subfield code="c">4298</subfield>
    <subfield code="d">4298</subfield>
  </datafield>
  <datafield tag="952" ind1=" " ind2=" ">
    <subfield code="0">0</subfield>
    <subfield code="1">0</subfield>
    <subfield code="4">0</subfield>
    <subfield code="7">0</subfield>
    <subfield code="a">BCEJYS</subfield>
    <subfield code="b">BCEJYS</subfield>
    <subfield code="c">16</subfield>
    <subfield code="d">2026-04-07</subfield>
    <subfield code="l">0</subfield>
    <subfield code="o">330.34 J65</subfield>
    <subfield code="p">L127405</subfield>
    <subfield code="r">2026-04-07 15:57:40</subfield>
    <subfield code="w">2026-04-07</subfield>
    <subfield code="y">L</subfield>
  </datafield>
</record>
